| 000 | 00710cam a22001934a 4500 | ||
|---|---|---|---|
| 020 | _a1559639261 (hc : alk. paper) | ||
| 020 | _a155963927X (pbk. : alk. paper) | ||
| 040 | _cDLC | ||
| 082 | 0 | 0 | _a333 PEW 2001 A079 Or. |
| 245 | 0 | 0 |
_aReturn of the wild : _bthe future of our natural lands / |
| 260 |
_aWashington, D.C. : _bPew Wilderness Center : _bIsland Press, _cc2001. |
||
| 300 |
_a257 p., [10] p. of plates : _bill. (some col.), col. maps ; _c25 cm. |
||
| 650 | 0 | _aWilderness areas | |
| 650 | 0 | _aNature conservation | |
| 700 | 1 | _aKerasote, Ted. | |
| 856 | 4 | 1 | _uhttp://www.loc.gov/catdir/toc/fy033/2001004279.html |
| 856 | 4 | 2 | _uhttp://www.loc.gov/catdir/enhancements/fy0666/2001004279-d.html |
| 942 | _cEK | ||
| 999 |
_c15804 _d15804 |
||